| 000 | 00536nam a22001937a 4500 | ||
|---|---|---|---|
| 003 | PILC | ||
| 005 | 20151028130925.0 | ||
| 008 | 130921t xxu||||| |||| 00| 0 eng d | ||
| 020 | _a0809448297 | ||
| 050 |
_aAG 5 _b.C537 1987 |
||
| 082 |
_aGS 508 _bN21 1992 |
||
| 245 |
_aA Child's first library of learning : _bnature. / |
||
| 260 |
_aHong Kong : _bTime-Life Books, _cc1987. |
||
| 300 |
_a87 p. : _bill, ; _c30 cm. |
||
| 562 | _e1 | ||
| 650 |
_aNatural history _xJuvenile literature. _921238 |
||
| 942 |
_2lcc _cBK |
||
| 999 |
_c11871 _d11871 |
||